00462nam a22001337a 4500008004100000082001800041100002400059245008700083260002400170300000900194942001200203999001500215952009800230230612b xxu||||| |||| 00| 0 eng d a354.6200bGOK cGovernment of Kenya aPublic Accounts Committee on the Government of Kenya Accounts for the Year 1998/99 aKenyabGOKc1998/99 a700p 2ddccBK c1002d1002 00102ddc4070a001b001d2023-06-12l0o354.6200 GOKp100005487r2023-06-12w2023-06-12yBK